000
00317nam a22001217a 4500
008
160512b xxu||||| |||| 00| 0 eng d
020
_a
0721675646
020
_a
0721675638
041
_a
eng
080
_a
61
245
_a
Diagnosis of bone and joint disorders:
_c
Donald Resnick M.D.:Gen Niwayama M.D;
942
_2
udc
_c
BK
999
_c
2061
_d
2061